Every Australian Male soccer player to score during the World Cup - Statistics

General Stats
  • This quiz has been taken 30 times
  • The average score is 6 of 9
Answer Stats
Goals Year(s) Answer % Correct
5 2006, 2010, 2014 Tim Cahill
100%
1 2006 Harry Kewell
80%
1 2022 Mathew Leckie
80%
3 2014, 2018 Mile Jedinak
80%
1 2022 Mitchell Duke
80%
1 2022 Craig Goodwin
68%
1 2006 John Aloisi
52%
1 2006 Craig Moore
36%
2 2010 Brett Holman
24%
No matching quizzes found
Score Distribution
Percent of People with Each Score
Percentile by Number Answered
Your Score History
You have not taken this quiz